| 000 | 00708 a2200193 4500 | ||
|---|---|---|---|
| 005 | 20141202151813.0 | ||
| 008 | 141120b xxu||||| |||| 00| 0 spa d | ||
| 040 |
_aCOBoIH _cCOBoIH |
||
| 041 | _aspa | ||
| 044 | _ack | ||
| 100 |
_aForero, Enrique _929518 |
||
| 245 |
_aLa Sistemática en Colombia para el Siglo XXI _cForero, Enrique |
||
| 260 |
_aBogotá _bInstituto de Investigación de Recursos Biológicos Alexander Von Humboldt _c1996 |
||
| 300 | _a26.p | ||
| 650 |
_aTaxonomia _929519 |
||
| 650 |
_aAnálisis Filogenetico _91261 |
||
| 773 | 0 |
_aSarmiento P., Fernando _dVilla de Leyva (Boyacá)̀ Instituto Alexander von Humboldt 1996 _tSistemát̀ica en Colombia para el siglo XXI |
|
| 942 |
_2z _cINFORME |
||
| 999 |
_c8813 _d8813 |
||